Loading...
| History - Other | 0 | 4 | 0 | 0 | 40 | 77 | 94.00 | 0 | 3 | 0.00 | 0.00 |
| Literature - European | 0 | 4 | 0 | 0 | 40 | 114 | 128.25 | 1 | 2 | 0.00 | 0.00 |
| Philosophy | 1 | 2 | 1 | 0 | 30 | 57 | 87.00 | 0 | 2 | 0.00 | 0.00 |
| History - US | 0 | 3 | 0 | 1 | 30 | 91 | 125.33 | 1 | 2 | 0.00 | 0.00 |
| Beliefs | 0 | 3 | 1 | 0 | 25 | 98 | 120.00 | 3 | 3 | 0.00 | 0.00 |
| Fine Arts - Other | 0 | 2 | 0 | 0 | 20 | 100 | 109.50 | 1 | 1 | 0.00 | 0.00 |
| Fine Arts - Classical Music and Opera | 0 | 2 | 0 | 1 | 20 | 143 | 149.50 | 0 | 1 | 0.00 | 0.00 |
| Geography | 1 | 0 | 0 | 0 | 15 | 32 | 32.00 | 0 | 1 | 0.00 | 0.00 |
| Modern World | 1 | 0 | 0 | 0 | 15 | 68 | 68.00 | 0 | 1 | 0.00 | 0.00 |
| History - European | 1 | 0 | 0 | 0 | 15 | 63 | 63.00 | 1 | 1 | 0.00 | 0.00 |
| Social Science | 0 | 1 | 0 | 1 | 10 | 147 | 147.00 | 0 | 0 | 0.00 | 0.00 |
| History - World | 1 | 0 | 1 | 0 | 10 | 68 | 68.00 | 1 | 1 | 0.00 | 0.00 |
| Literature - American | 0 | 1 | 0 | 0 | 10 | 114 | 114.00 | 0 | 0 | 0.00 | 0.00 |
| Science - Physics | 0 | 1 | 0 | 0 | 10 | 75 | 75.00 | 1 | 1 | 0.00 | 0.00 |
| Literature - British | 0 | 1 | 1 | 0 | 5 | 142 | 142.00 | 0 | 0 | 0.00 | 0.00 |
| Literature - World | 0 | 1 | 1 | 0 | 5 | 102 | 102.00 | 0 | 0 | 0.00 | 0.00 |
| Fine Arts - Visual | 0 | 0 | 1 | 0 | -5 | 0.00 | 0 | 0 | 0.00 | 0.00 |